Poorest nations 2024 - Statistics

General Stats
  • This quiz has been taken 28 times
  • The average score is 40 of 52
Answer Stats
Hint Answer % Correct
Africa Central African Republic
88%
Africa Ethiopia
88%
North America Haiti
88%
Africa Somalia
88%
Asia Afghanistan
84%
Africa Chad
84%
Africa Eritrea
84%
Africa Lesotho
84%
Africa Malawi
84%
Africa Mali
84%
Asia Nepal
84%
Africa Niger
84%
Africa Senegal
84%
Africa Sierra Leone
84%
Africa South Sudan
84%
Africa Sudan
84%
Africa Uganda
84%
Africa Benin
80%
Africa Burkina Faso
80%
Africa Burundi
80%
Africa Comoros
80%
Africa Democratic republic of the Congo
80%
Africa Eswatini
80%
Africa Gambia
80%
Africa Guinea
80%
Africa Guinea Bissau
80%
Asia Kyrgyzstan
80%
Africa Liberia
80%
Africa Mozambique
80%
Oceania Solomon Islands
80%
Asia Syria
80%
Asia Tajikistan
80%
Africa Tanzania
80%
Oceania Tuvalu
80%
Europe Ukraine
80%
Africa Zambia
80%
Asia Cambodia
76%
Oceania Kiribati
76%
Asia Pakistan
76%
Oceania Papua New Guinea
76%
Africa Rwanda
76%
Africa Sao Tome and Principe
76%
Oceania Tonga
76%
Africa Zimbabwe
76%
Africa Djibouti
72%
Africa Madagascar
72%
Asia Yemen
72%
Asia Myanmar
68%
Asia Timor-Leste
68%
Asia North Korea
64%
Non independent Western Sahara
24%
Africa Congo Republic
4%
No matching quizzes found
Score Distribution
Percent of People with Each Score
Percentile by Number Answered
Your Score History
You have not taken this quiz